| 000 -LEADER |
| fixed length control field |
00735nam a2200217 a 4500 |
| 020 ## - INTERNATIONAL STANDARD BOOK NUMBER |
| ISBN |
9712201384 |
| 040 ## - CATALOGING SOURCE |
| Transcribing agency |
AGL |
| 082 ## - DEWEY DECIMAL CLASSIFICATION NUMBER |
| Classification number |
633 INT 1999 A056 Or. |
| 245 00 - TITLE STATEMENT |
| Title |
Genetic improvement of rice for water-limited environments / |
| 260 ## - PUBLICATION, DISTRIBUTION, ETC. (IMPRINT) |
| Place of publication |
Los Ba©łos, Philippines : |
| Name of publisher |
International Rice Research Institute, |
| Year of publication |
1999 |
| 300 ## - PHYSICAL DESCRIPTION |
| Number of Pages |
vi, 353 p. : |
| Other physical details |
ill. (some col.) ; |
| Dimensions |
23 cm |
| 500 ## - GENERAL NOTE |
| General note |
"Proceedings of the Workshop on Genetic Improvement of Rice for Water-Limited Environments, 1-3 December 1998, Los Ba©łos, Philippines"--T.p. verso |
| 650 #0 - SUBJECT ADDED ENTRY--TOPICAL TERM |
| Topical Term |
Rice |
| 650 #0 - SUBJECT ADDED ENTRY--TOPICAL TERM |
| Topical Term |
Rice |
| 650 #0 - SUBJECT ADDED ENTRY--TOPICAL TERM |
| Topical Term |
Plant-water relationships |
| 650 #0 - SUBJECT ADDED ENTRY--TOPICAL TERM |
| Topical Term |
Rice |
| 700 1# - ADDED ENTRY--PERSONAL NAME |
| Personal name |
Ito, O. |
| 700 1# - ADDED ENTRY--PERSONAL NAME |
| Personal name |
O'Toole, J. C |
| 700 1# - ADDED ENTRY--PERSONAL NAME |
| Personal name |
Hardy, Bill |
| 942 ## - ADDED ENTRY ELEMENTS (KOHA) |
| Koha item type |
សៀវភៅភាសាអង់គ្លេស |
| 952 ## - LOCATION AND ITEM INFORMATION (KOHA) |
| Withdrawn status [LOCAL, KOHA] |
0 |